000 00369 a2200157 4500
001 68422
020 _a9788579017933
040 _cAnchieta - Pituba
100 _aCesar, Jaqueline Paiva
240 1 0 _aGeografia 1ª série
_l
245 1 0 _aGeografia 1ª série
300 _a160
362 0 _a2023
650 4 _aGeografia histórica - Atlas históricos
942 _cBK
999 _c68422
_d68422